|
|
|
|
| LEADER |
00000cam a2200000 7i4500 |
| 001 |
0000074521 |
| 005 |
20191031093000.0 |
| 008 |
110621s2011 inu eng |
| 020 |
|
|
|a 0470769025 (paperback : alk. paper)
|
| 020 |
|
|
|a 9780470769027 (paperback : alk. paper)
|
| 050 |
0 |
0 |
|a QA76.5
|b .S56 2011
|
| 090 |
0 |
0 |
|a QA76.5
|b .S56 2011
|
| 100 |
1 |
|
|a Shoup, Kate ,
|d 1972- ,
|e author
|
| 245 |
1 |
0 |
|a Laptops simplified
|c by Kate Shoup
|
| 260 |
|
|
|a Indianapolis, IN :
|b Wiley Publishing ,
|c c2011
|
| 300 |
|
|
|a x, 246 p. ;
|c ol. bill. ;
|c 26 cm.
|
| 490 |
1 |
|
|a Visual read less, learn more
|
| 500 |
|
|
|a Includes index
|
| 505 |
0 |
|
|a 1. Choosing your laptop pc -- 2. Setting up your laptop pc -- 3. Using software programs on your laptop pc -- 4. Navigating files and folders in windows 7 -- 5. Working with images on your laptop pc -- 6. Enjoying audio and video on your laptop -- 7. Word processing in windows 7 -- 8. Exploring the internet and the world wide web with your laptop -- 9. Getting organized with your laptop -- 10. Staying in touch -- 11. Networking your laptop pc -- 12. Maintaining your laptop pc -- 13. Securing your laptop pc
|
| 520 |
|
|
|a A guide to laptop computers covers choosing the best laptop, running Windows, using common applications, building a media library, using a word processing program, exploring the Internet, networking, and security.
|
| 650 |
|
0 |
|a Laptop computers
|
| 999 |
|
|
|a 1000141500
|b Book
|c OPEN SHELF (30 DAYS)
|e Tembila Campus
|